[Event "Reykjavik Open 2025"]
[Site "Reykjavik, Iceland"]
[Date "2025.04.10"]
[Round "3.7"]
[White "Terrieux, Kevin"]
[Black "Gupta, Abhijeet"]
[Result "0-1"]
[WhiteElo "2394"]
[BlackElo "2576"]
[PlyCount "108"]
[EventDate "2025.??.??"]
[TimeControl "90+30"]
[WhiteClock "0:00:52"]
[BlackClock "0:31:11"]

1. e4 {[%emt 0:00:00]} c5 {[%emt 0:00:00]} 2. Nf3 {[%emt 0:00:00]} d6 {[%emt 0:
00:00]} 3. Bb5+ {[%emt 0:00:00]} Nd7 {[%emt 0:00:00]} 4. d4 {[%emt 0:00:00]}
cxd4 {[%emt 0:00:00]} 5. Qxd4 {[%emt 0:00:00]} a6 {[%emt 0:00:00]} 6. Be2 {
[%emt 0:00:00]} Ngf6 {[%emt 0:00:00]} 7. O-O {[%emt 0:00:00]} e6 {[%emt 0:00:
00]} 8. c4 {[%emt 0:00:00]} b6 {[%emt 0:00:00]} 9. Nc3 {[%emt 0:00:00]} Bb7 {
[%emt 0:00:00]} 10. Rd1 {[%emt 0:00:00]} Be7 {[%emt 0:00:00]} 11. b3 {[%emt 0:
00:00]} O-O {[%emt 0:00:00]} 12. Ba3 {[%emt 0:00:00]} Nc5 {[%emt 0:00:00]} 13.
e5 {[%emt 0:00:00]} dxe5 {[%emt 0:00:00]} 14. Qxe5 {[%emt 0:00:00]} Qc8 {
[%emt 0:00:00]} 15. Bb2 {[%emt 0:00:00]} Ncd7 {[%emt 0:00:00]} 16. Qf4 {
[%emt 0:00:00]} Qc6 {[%emt 0:00:00]} 17. Ne1 {[%emt 0:00:00]} e5 {[%emt 0:00:
00]} 18. Qf5 {[%emt 0:00:00]} g6 {[%emt 0:00:00]} 19. Qh3 {[%emt 0:00:00]} Rad8
{[%emt 0:00:00]} 20. Nf3 {[%emt 0:00:00]} Qc8 {[%emt 0:00:00]} 21. Ng5 {
[%emt 0:00:00]} Nc5 {[%emt 0:00:00]} 22. Qxc8 {[%emt 0:00:00]} Bxc8 {[%emt 0:
00:00]} 23. b4 {[%emt 0:00:00]} Ne6 {[%emt 0:00:00]} 24. Nxe6 {[%emt 0:00:00]}
Bxe6 {[%emt 0:00:00]} 25. a3 {[%emt 0:00:00]} a5 {[%emt 0:00:00]} 26. Nb5 {
[%emt 0:00:00]} axb4 {[%emt 0:00:00]} 27. axb4 {[%emt 0:00:00]} Rxd1+ {[%emt 0:
00:00]} 28. Rxd1 {[%emt 0:00:00]} Bxb4 {[%emt 0:00:00]} 29. Bxe5 {[%emt 0:00:
00]} Nd7 {[%emt 0:00:00]} 30. Bd4 {[%emt 0:00:00]} Rc8 {[%emt 0:00:00]} 31. f3
{[%emt 0:04:57]} Bc5 {[%emt 0:00:00]} 32. Bxc5 {[%emt 0:04:09]} Rxc5 {[%emt 0:
00:00]} 33. Nd6 {[%emt 0:01:59]} Kf8 {[%emt 0:00:00]} 34. Ne4 {[%emt 0:03:11]}
Ra5 {[%emt 0:00:00]} 35. f4 {[%emt 0:02:20]} h6 {[%emt 0:00:00]} 36. Rd2 {
[%emt 0:01:51]} Ke7 {[%emt 0:00:00]} 37. Kf2 {[%emt 0:00:08]} Ra3 {[%emt 0:00:
00]} 38. Rd3 {[%emt 0:01:20]} Ra4 {[%emt 0:00:00]} 39. Re3 {[%emt 0:00:29]} Ra2
{[%emt 0:00:00]} 40. Nc3 {[%emt 0:00:21]} Rb2 {[%emt 0:00:07]} 41. Nb5 {
[%emt 0:00:00]} Kd8 {[%emt 0:00:00]} 42. Kf3 {[%emt 0:00:00]} Nc5 {[%emt 0:00:
00]} 43. g4 {[%emt 0:00:00]} Rd2 {[%emt 0:00:00]} 44. h3 {[%emt 0:00:00]} f5 {
[%emt 0:00:00]} 45. g5 {[%emt 0:00:00]} h5 {[%emt 0:00:00]} 46. Rc3 {[%emt 0:
00:00]} h4 {[%emt 0:00:00]} 47. Ke3 {[%emt 0:00:00]} Ra2 {[%emt 0:00:00]} 48.
Rc1 {[%emt 0:00:00]} Bd7 {[%emt 0:00:00]} 49. Bf3 {[%emt 0:04:01]} Rh2 {
[%emt 0:00:00]} 50. Rh1 {[%emt 0:00:45]} Rc2 {[%emt 0:00:00]} 51. Kd4 {[%emt 0:
00:26]} Rd2+ {[%emt 0:00:00]} 52. Ke5 {[%emt 0:00:24]} Bxb5 {[%emt 0:00:00]}
53. cxb5 {[%emt 0:00:11]} Ke7 {[%emt 0:00:00]} 54. Bc6 {[%emt 0:01:06]} Rd6 {
[%emt 0:00:00]} 0-1

[Event "Reykjavik Open 2025"]
[Site "Reykjavik, Iceland"]
[Date "2025.04.10"]
[Round "3.8"]
[White "Jacobson, Brandon"]
[Black "Heimisson, Hilmir Freyr"]
[Result "1-0"]
[WhiteElo "2570"]
[BlackElo "2376"]
[PlyCount "203"]
[EventDate "2025.??.??"]
[TimeControl "90+30"]
[WhiteClock "0:02:14"]
[BlackClock "0:01:41"]

1. c4 {[%emt 0:00:00]} e5 {[%emt 0:00:00]} 2. g3 {[%emt 0:00:00]} Nf6 {[%emt 0:
00:00]} 3. Bg2 {[%emt 0:00:00]} c6 {[%emt 0:00:00]} 4. d4 {[%emt 0:00:00]} e4 {
[%emt 0:00:00]} 5. Bg5 {[%emt 0:00:00]} Bb4+ {[%emt 0:00:00]} 6. Nc3 {[%emt 0:
00:00]} O-O {[%emt 0:00:00]} 7. Bxe4 {[%emt 0:00:00]} h6 {[%emt 0:00:00]} 8.
Bxf6 {[%emt 0:00:00]} Qxf6 {[%emt 0:00:00]} 9. e3 {[%emt 0:00:00]} d6 {[%emt 0:
00:00]} 10. Nge2 {[%emt 0:00:00]} Re8 {[%emt 0:00:00]} 11. Bg2 {[%emt 0:00:00]}
Bg4 {[%emt 0:00:00]} 12. O-O {[%emt 0:00:00]} Bxc3 {[%emt 0:00:00]} 13. bxc3 {
[%emt 0:00:00]} Nd7 {[%emt 0:00:00]} 14. f3 {[%emt 0:00:00]} Be6 {[%emt 0:00:
00]} 15. d5 {[%emt 0:00:00]} Bf5 {[%emt 0:00:00]} 16. e4 {[%emt 0:00:00]} Bh7 {
[%emt 0:00:00]} 17. Rb1 {[%emt 0:00:00]} Nb6 {[%emt 0:00:00]} 18. Qb3 {[%emt 0:
00:00]} Rac8 {[%emt 0:00:55]} 19. Bh3 {[%emt 0:00:00]} Rc7 {[%emt 0:01:01]} 20.
Nd4 {[%emt 0:00:00]} cxd5 {[%emt 0:03:11]} 21. cxd5 {[%emt 0:00:00]} Nc4 {
[%emt 0:01:05]} 22. Rf2 {[%emt 0:00:00]} a6 {[%emt 0:00:06]} 23. Bf1 {[%emt 0:
00:00]} Ne5 {[%emt 0:00:10]} 24. Qa3 {[%emt 0:00:00]} Nd7 {[%emt 0:02:20]} 25.
Qa5 {[%emt 0:00:00]} Qd8 {[%emt 0:01:41]} 26. Rfb2 {[%emt 0:00:00]} Nc5 {
[%emt 0:00:07]} 27. Nb3 {[%emt 0:00:00]} Nd7 {[%emt 0:00:18]} 28. Nd2 {[%emt 0:
00:00]} Qb8 {[%emt 0:01:53]} 29. Nc4 {[%emt 0:00:00]} Qa7+ {[%emt 0:02:33]} 30.
Kh1 {[%emt 0:00:00]} Rxc4 {[%emt 0:00:34]} 31. Bxc4 {[%emt 0:00:00]} Qe3 {
[%emt 0:00:11]} 32. Rf1 {[%emt 0:02:22]} Bxe4 {[%emt 0:00:45]} 33. Be2 {
[%emt 0:00:01]} Bf5 {[%emt 0:00:30]} 34. g4 {[%emt 0:00:15]} Bd3 {[%emt 0:00:
28]} 35. Bxd3 {[%emt 0:02:04]} Qxd3 {[%emt 0:00:01]} 36. Rbf2 {[%emt 0:00:05]}
Nc5 {[%emt 0:00:37]} 37. Qb4 {[%emt 0:01:02]} Qxd5 {[%emt 0:00:14]} 38. Qd4 {
[%emt 0:00:02]} Qc6 {[%emt 0:00:19]} 39. c4 {[%emt 0:01:19]} Re6 {[%emt 0:00:
37]} 40. h3 {[%emt 0:02:31]} Qe8 {[%emt 0:00:50]} 41. Kg2 {[%emt 0:03:18]} Qe7
{[%emt 0:00:00]} 42. Rd1 {[%emt 0:00:00]} Rf6 {[%emt 0:00:00]} 43. Kh2 {
[%emt 0:00:00]} Re6 {[%emt 0:00:00]} 44. Rdd2 {[%emt 0:00:00]} Nd7 {[%emt 0:00:
00]} 45. Kg2 {[%emt 0:00:00]} Nc5 {[%emt 0:00:00]} 46. Qd5 {[%emt 0:00:00]} Qe8
{[%emt 0:00:00]} 47. Qd4 {[%emt 0:00:00]} Qe7 {[%emt 0:00:00]} 48. Qf4 {
[%emt 0:00:00]} Re5 {[%emt 0:00:00]} 49. Rd1 {[%emt 0:00:00]} Re6 {[%emt 0:00:
00]} 50. Rd4 {[%emt 0:00:00]} Re5 {[%emt 0:00:00]} 51. Qd2 {[%emt 0:00:00]} Re6
{[%emt 0:00:00]} 52. Rd5 {[%emt 0:00:00]} Nd7 {[%emt 0:00:00]} 53. Kh2 {
[%emt 0:00:00]} Ne5 {[%emt 0:02:20]} 54. Qd4 {[%emt 0:00:00]} Qc7 {[%emt 0:00:
38]} 55. f4 {[%emt 0:06:13]} Nxc4 {[%emt 0:00:17]} 56. g5 {[%emt 0:00:02]} h5 {
[%emt 0:04:40]} 57. f5 {[%emt 0:07:24]} Re8 {[%emt 0:00:06]} 58. Rc2 {[%emt 0:
00:23]} b5 {[%emt 0:00:20]} 59. g6 {[%emt 0:00:39]} Qe7 {[%emt 0:00:59]} 60. f6
{[%emt 0:00:57]} Qxf6 {[%emt 0:00:46]} 61. Qxf6 {[%emt 0:00:04]} gxf6 {[%emt 0:
00:01]} 62. gxf7+ {[%emt 0:00:06]} Kxf7 {[%emt 0:00:08]} 63. Rxh5 {[%emt 0:00:
11]} Ke6 {[%emt 0:01:05]} 64. Rh7 {[%emt 0:00:29]} Rc8 {[%emt 0:01:07]} 65. Ra7
{[%emt 0:00:19]} Rc6 {[%emt 0:00:22]} 66. h4 {[%emt 0:00:17]} d5 {[%emt 0:00:
37]} 67. Ra8 {[%emt 0:02:57]} Rd6 {[%emt 0:00:28]} 68. Re2+ {[%emt 0:01:53]}
Ne5 {[%emt 0:00:25]} 69. h5 {[%emt 0:00:29]} d4 {[%emt 0:00:26]} 70. h6 {
[%emt 0:00:03]} Rd7 {[%emt 0:00:23]} 71. Rxa6+ {[%emt 0:00:11]} Kf5 {[%emt 0:
00:28]} 72. Kg3 {[%emt 0:00:49]} d3 {[%emt 0:00:29]} 73. Rf2+ {[%emt 0:00:48]}
Ke4 {[%emt 0:00:09]} 74. Rf4+ {[%emt 0:00:33]} Ke3 {[%emt 0:00:51]} 75. Ra3 {
[%emt 0:00:02]} Rf7 {[%emt 0:00:49]} 76. Rb3 {[%emt 0:00:39]} Ke2 {[%emt 0:00:
37]} 77. Rf2+ {[%emt 0:00:11]} Ke3 {[%emt 0:00:07]} 78. Rxb5 {[%emt 0:00:31]}
Re7 {[%emt 0:00:44]} 79. Rxf6 {[%emt 0:01:04]} d2 {[%emt 0:00:29]} 80. Rd5 {
[%emt 0:00:09]} Nc4 {[%emt 0:00:36]} 81. Rf4 {[%emt 0:00:46]} Rc7 {[%emt 0:00:
33]} 82. Rd8 {[%emt 0:00:48]} Ne5 {[%emt 0:00:54]} 83. Rf5 {[%emt 0:00:23]} Re7
{[%emt 0:00:00]} 84. Rd5 {[%emt 0:00:26]} Nc4 {[%emt 0:00:24]} 85. Rf4 {
[%emt 0:00:03]} Ne5 {[%emt 0:00:27]} 86. Rf5 {[%emt 0:00:21]} Nc4 {[%emt 0:00:
22]} 87. Rd8 {[%emt 0:01:19]} Re6 {[%emt 0:00:43]} 88. h7 {[%emt 0:00:24]} Rh6
{[%emt 0:00:08]} 89. Rc5 {[%emt 0:00:27]} Rg6+ {[%emt 0:01:04]} 90. Kh4 {
[%emt 0:00:09]} Nd6 {[%emt 0:00:59]} 91. Rxd6 {[%emt 0:00:49]} Rxd6 {[%emt 0:
00:00]} 92. h8=Q {[%emt 0:00:06]} d1=Q {[%emt 0:00:00]} 93. Qe5+ {[%emt 0:00:
22]} Kf2 {[%emt 0:00:50]} 94. Qg3+ {[%emt 0:01:12]} Ke2 {[%emt 0:00:15]} 95.
Qh2+ {[%emt 0:00:27]} Ke3 {[%emt 0:00:30]} 96. Qe5+ {[%emt 0:00:04]} Kf2 {
[%emt 0:00:11]} 97. Qf4+ {[%emt 0:00:51]} Ke2 {[%emt 0:00:20]} 98. Re5+ {
[%emt 0:00:24]} Kd3 {[%emt 0:00:17]} 99. Qe3+ {[%emt 0:00:21]} Kc2 {[%emt 0:00:
20]} 100. Qb3+ {[%emt 0:00:04]} Kc1 {[%emt 0:01:05]} 101. Rc5+ {[%emt 0:00:05]}
Kd2 {[%emt 0:00:04]} 102. Rd5+ {[%emt 0:00:03]} 1-0

[Event "Reykjavik Open 2025"]
[Site "Reykjavik, Iceland"]
[Date "2025.04.10"]
[Round "3.9"]
[White "Thorfinnsson, Bjorn"]
[Black "Gorshtein, Ido"]
[Result "0-1"]
[WhiteElo "2386"]
[BlackElo "2557"]
[PlyCount "102"]
[EventDate "2025.??.??"]
[TimeControl "90+30"]
[WhiteClock "0:24:13"]
[BlackClock "0:04:54"]

1. d4 {[%emt 0:00:00]} Nf6 {[%emt 0:00:00]} 2. Nf3 {[%emt 0:00:00]} e6 {
[%emt 0:00:00]} 3. c3 {[%emt 0:00:00]} c5 {[%emt 0:00:00]} 4. Bg5 {[%emt 0:00:
00]} Qb6 {[%emt 0:00:00]} 5. Qb3 {[%emt 0:00:00]} Nc6 {[%emt 0:00:00]} 6. Qxb6
{[%emt 0:00:00]} axb6 {[%emt 0:00:00]} 7. e3 {[%emt 0:00:00]} d5 {[%emt 0:00:
00]} 8. Nbd2 {[%emt 0:00:00]} Bd7 {[%emt 0:00:00]} 9. a3 {[%emt 0:00:00]} Nh5 {
[%emt 0:00:00]} 10. Bh4 {[%emt 0:00:00]} h6 {[%emt 0:00:00]} 11. g4 {[%emt 0:
00:00]} Nf6 {[%emt 0:00:00]} 12. h3 {[%emt 0:00:00]} Bd6 {[%emt 0:00:00]} 13.
Rg1 {[%emt 0:00:00]} g5 {[%emt 0:00:00]} 14. Bg3 {[%emt 0:00:00]} Bxg3 {
[%emt 0:00:00]} 15. Rxg3 {[%emt 0:00:00]} Ke7 {[%emt 0:00:00]} 16. O-O-O {
[%emt 0:00:00]} cxd4 {[%emt 0:00:00]} 17. exd4 {[%emt 0:00:00]} Ne8 {[%emt 0:
00:00]} 18. Re1 {[%emt 0:00:00]} Nd6 {[%emt 0:00:00]} 19. h4 {[%emt 0:00:00]}
f6 {[%emt 0:00:00]} 20. Bd3 {[%emt 0:00:00]} Rhg8 {[%emt 0:00:00]} 21. hxg5 {
[%emt 0:00:00]} hxg5 {[%emt 0:00:00]} 22. Rh3 {[%emt 0:00:00]} Rh8 {[%emt 0:00:
00]} 23. Reh1 {[%emt 0:00:00]} Rxh3 {[%emt 0:00:00]} 24. Rxh3 {[%emt 0:00:00]}
Nd8 {[%emt 0:00:00]} 25. Nf1 {[%emt 0:00:00]} N8f7 {[%emt 0:00:00]} 26. Ne3 {
[%emt 0:00:00]} b5 {[%emt 0:00:00]} 27. Kc2 {[%emt 0:00:00]} Nc4 {[%emt 0:00:
00]} 28. Nxc4 {[%emt 0:00:00]} bxc4 {[%emt 0:00:00]} 29. Bg6 {[%emt 0:00:00]}
Be8 {[%emt 0:00:00]} 30. Kd2 {[%emt 0:00:00]} Kf8 {[%emt 0:00:00]} 31. Ne1 {
[%emt 0:00:00]} Kg7 {[%emt 0:00:00]} 32. Bc2 {[%emt 0:00:00]} Nh6 {[%emt 0:00:
00]} 33. Ng2 {[%emt 0:00:00]} Bg6 {[%emt 0:00:00]} 34. Ne3 {[%emt 0:00:00]} Nf7
{[%emt 0:00:00]} 35. Rh2 {[%emt 0:00:00]} Nd6 {[%emt 0:00:00]} 36. f3 {[%emt 0:
00:00]} Nf7 {[%emt 0:00:00]} 37. Rh3 {[%emt 0:00:00]} Bxc2 {[%emt 0:00:00]} 38.
Kxc2 {[%emt 0:00:00]} Nh8 {[%emt 0:00:00]} 39. Ng2 {[%emt 0:00:00]} Ng6 {
[%emt 0:00:00]} 40. Rh2 {[%emt 0:00:00]} Rf8 {[%emt 0:00:00]} 41. Rh5 {[%emt 0:
00:00]} Re8 {[%emt 0:00:00]} 42. Kd2 {[%emt 0:00:00]} Nf4 {[%emt 0:02:26]} 43.
Nxf4 {[%emt 0:00:00]} gxf4 {[%emt 0:00:52]} 44. Kc2 {[%emt 0:00:00]} Ra8 {
[%emt 0:06:24]} 45. Rh1 {[%emt 0:00:00]} b5 {[%emt 0:00:06]} 46. Rh2 {[%emt 0:
00:00]} Kg6 {[%emt 0:04:19]} 47. Kd2 {[%emt 0:00:00]} Ra7 {[%emt 0:01:36]} 48.
Kc2 {[%emt 0:00:43]} Rh7 {[%emt 0:03:39]} 49. Rxh7 {[%emt 0:01:53]} Kxh7 {
[%emt 0:00:45]} 50. b4 {[%emt 0:00:05]} cxb3+ {[%emt 0:00:05]} 51. Kxb3 {
[%emt 0:00:06]} Kg6 {[%emt 0:01:54]} 0-1

[Event "Reykjavik Open 2025"]
[Site "Reykjavik, Iceland"]
[Date "2025.04.10"]
[Round "3.10"]
[White "Song, Yuxin"]
[Black "Adhiban, B.."]
[Result "1/2-1/2"]
[WhiteElo "2371"]
[BlackElo "2554"]
[PlyCount "75"]
[EventDate "2025.??.??"]
[TimeControl "90+30"]
[WhiteClock "0:14:33"]
[BlackClock "0:14:45"]

1. e4 {[%emt 0:00:00]} c5 {[%emt 0:00:00]} 2. Nf3 {[%emt 0:00:00]} d6 {[%emt 0:
00:00]} 3. d4 {[%emt 0:00:00]} cxd4 {[%emt 0:00:00]} 4. Nxd4 {[%emt 0:00:00]}
Nf6 {[%emt 0:00:00]} 5. Nc3 {[%emt 0:00:00]} Nc6 {[%emt 0:00:00]} 6. f3 {
[%emt 0:00:00]} e5 {[%emt 0:00:00]} 7. Nb3 {[%emt 0:00:00]} Be7 {[%emt 0:00:00]
} 8. Be3 {[%emt 0:00:00]} O-O {[%emt 0:00:00]} 9. Qd2 {[%emt 0:00:00]} a5 {
[%emt 0:00:00]} 10. Bb5 {[%emt 0:00:00]} Be6 {[%emt 0:00:00]} 11. O-O-O {
[%emt 0:00:00]} Qb8 {[%emt 0:00:00]} 12. Kb1 {[%emt 0:00:00]} Rc8 {[%emt 0:00:
00]} 13. g4 {[%emt 0:00:00]} Na7 {[%emt 0:00:00]} 14. Bxa7 {[%emt 0:00:00]}
Qxa7 {[%emt 0:00:00]} 15. a4 {[%emt 0:00:00]} Rc7 {[%emt 0:00:00]} 16. Nd5 {
[%emt 0:00:00]} Nxd5 {[%emt 0:00:00]} 17. exd5 {[%emt 0:00:00]} Bd7 {[%emt 0:
00:00]} 18. Bxd7 {[%emt 0:00:00]} Rxd7 {[%emt 0:00:00]} 19. Qe2 {[%emt 0:00:00]
} b5 {[%emt 0:00:00]} 20. Qxb5 {[%emt 0:00:00]} Rb7 {[%emt 0:00:00]} 21. Qc4 {
[%emt 0:00:00]} Rb4 {[%emt 0:00:00]} 22. Qc6 {[%emt 0:00:00]} Rb6 {[%emt 0:00:
00]} 23. Qc4 {[%emt 0:00:00]} Qd7 {[%emt 0:00:00]} 24. Rhe1 {[%emt 0:00:00]}
Rc8 {[%emt 0:00:00]} 25. Qd3 {[%emt 0:00:00]} Qxa4 {[%emt 0:00:00]} 26. Re4 {
[%emt 0:00:00]} Qb5 {[%emt 0:00:00]} 27. Qxb5 {[%emt 0:00:00]} Rxb5 {[%emt 0:
00:00]} 28. Rd3 {[%emt 0:00:00]} Bd8 {[%emt 0:00:00]} 29. f4 {[%emt 0:00:00]}
f6 {[%emt 0:00:00]} 30. Nd2 {[%emt 0:00:00]} Bb6 {[%emt 0:00:00]} 31. Nc4 {
[%emt 0:00:00]} Bc5 {[%emt 0:00:00]} 32. f5 {[%emt 0:00:00]} Rcb8 {[%emt 0:00:
00]} 33. c3 {[%emt 0:00:00]} a4 {[%emt 0:00:00]} 34. Kc2 {[%emt 0:00:00]} Rb3 {
[%emt 0:00:00]} 35. Rd1 {[%emt 0:03:19]} a3 {[%emt 0:00:00]} 36. bxa3 {[%emt 0:
01:46]} Bxa3 {[%emt 0:00:00]} 37. Re3 {[%emt 0:00:32]} Bc5 {[%emt 0:05:15]} 38.
Re2 {[%emt 0:00:20]} 1/2-1/2

[Event "Reykjavik Open 2025"]
[Site "Reykjavik, Iceland"]
[Date "2025.04.10"]
[Round "3.11"]
[White "Bekker, Stefan"]
[Black "Amar, Elham"]
[Result "1/2-1/2"]
[WhiteElo "2358"]
[BlackElo "2546"]
[PlyCount "61"]
[EventDate "2025.??.??"]
[TimeControl "90+30"]
[WhiteClock "0:27:17"]
[BlackClock "1:07:13"]

1. e4 {[%emt 0:00:00]} c5 {[%emt 0:00:00]} 2. Nf3 {[%emt 0:00:00]} Nc6 {
[%emt 0:00:00]} 3. Bb5 {[%emt 0:00:00]} e6 {[%emt 0:00:00]} 4. O-O {[%emt 0:00:
00]} Nge7 {[%emt 0:00:00]} 5. Re1 {[%emt 0:00:00]} Nd4 {[%emt 0:00:00]} 6. Nxd4
{[%emt 0:00:00]} cxd4 {[%emt 0:00:00]} 7. c3 {[%emt 0:00:00]} a6 {[%emt 0:00:
00]} 8. Ba4 {[%emt 0:00:00]} b5 {[%emt 0:00:00]} 9. Bb3 {[%emt 0:00:00]} Nc6 {
[%emt 0:00:00]} 10. a4 {[%emt 0:00:00]} b4 {[%emt 0:00:00]} 11. Bd5 {[%emt 0:
00:00]} Bc5 {[%emt 0:00:00]} 12. cxb4 {[%emt 0:00:00]} Bxb4 {[%emt 0:00:00]}
13. Bxc6 {[%emt 0:00:00]} dxc6 {[%emt 0:00:00]} 14. b3 {[%emt 0:00:00]} e5 {
[%emt 0:00:00]} 15. Ba3 {[%emt 0:00:00]} c5 {[%emt 0:00:00]} 16. Bxb4 {[%emt 0:
00:00]} cxb4 {[%emt 0:00:00]} 17. d3 {[%emt 0:00:00]} Be6 {[%emt 0:00:00]} 18.
Nd2 {[%emt 0:00:00]} Rc8 {[%emt 0:00:00]} 19. Nc4 {[%emt 0:00:00]} Bxc4 {
[%emt 0:00:00]} 20. dxc4 {[%emt 0:00:00]} O-O {[%emt 0:00:00]} 21. Qd2 {
[%emt 0:00:00]} a5 {[%emt 0:00:00]} 22. f4 {[%emt 0:00:00]} f6 {[%emt 0:00:00]}
23. f5 {[%emt 0:00:00]} Qd7 {[%emt 0:00:00]} 24. Qd3 {[%emt 0:00:00]} g6 {
[%emt 0:00:00]} 25. Rf1 {[%emt 0:00:00]} Kh8 {[%emt 0:00:00]} 26. Rf3 {[%emt 0:
00:00]} Rg8 {[%emt 0:00:00]} 27. Raf1 {[%emt 0:00:00]} Qc6 {[%emt 0:00:00]} 28.
h3 {[%emt 0:00:00]} Rc7 {[%emt 0:00:00]} 29. fxg6 {[%emt 0:00:00]} Rxg6 {
[%emt 0:00:00]} 30. Rf5 {[%emt 0:00:00]} Kg7 {[%emt 0:00:00]} 31. Qd1 {[%emt 0:
00:00]} 1/2-1/2

[Event "Reykjavik Open 2025"]
[Site "Reykjavik, Iceland"]
[Date "2025.04.10"]
[Round "3.12"]
[White "Li, Guohao"]
[Black "Stefansson, Vignir Vatnar"]
[Result "1/2-1/2"]
[WhiteElo "2356"]
[BlackElo "2536"]
[PlyCount "80"]
[EventDate "2025.??.??"]
[TimeControl "90+30"]
[WhiteClock "0:33:35"]
[BlackClock "0:05:11"]

1. d4 {[%emt 0:00:00]} Nf6 {[%emt 0:00:00]} 2. c4 {[%emt 0:00:00]} e6 {[%emt 0:
00:00]} 3. Nf3 {[%emt 0:00:00]} d5 {[%emt 0:00:00]} 4. Nc3 {[%emt 0:00:00]} a6
{[%emt 0:00:00]} 5. cxd5 {[%emt 0:00:00]} exd5 {[%emt 0:00:00]} 6. Bf4 {
[%emt 0:00:00]} Bd6 {[%emt 0:00:00]} 7. Be5 {[%emt 0:00:00]} Be6 {[%emt 0:00:
00]} 8. e3 {[%emt 0:00:00]} Bxe5 {[%emt 0:00:00]} 9. dxe5 {[%emt 0:00:00]} Nfd7
{[%emt 0:00:00]} 10. Be2 {[%emt 0:00:00]} Nc6 {[%emt 0:00:00]} 11. Nxd5 {
[%emt 0:00:00]} Ndxe5 {[%emt 0:00:00]} 12. Nc3 {[%emt 0:00:00]} O-O {[%emt 0:
00:00]} 13. O-O {[%emt 0:00:00]} Qf6 {[%emt 0:00:00]} 14. Qa4 {[%emt 0:00:00]}
Nd7 {[%emt 0:00:00]} 15. Rfd1 {[%emt 0:00:00]} Nb6 {[%emt 0:00:00]} 16. Qc2 {
[%emt 0:00:00]} Bf5 {[%emt 0:00:00]} 17. Qb3 {[%emt 0:00:00]} Be6 {[%emt 0:00:
00]} 18. Qc2 {[%emt 0:00:00]} Bf5 {[%emt 0:00:00]} 19. Qb3 {[%emt 0:00:00]}
Rad8 {[%emt 0:00:00]} 20. Rxd8 {[%emt 0:00:00]} Rxd8 {[%emt 0:00:00]} 21. Rd1 {
[%emt 0:00:00]} h6 {[%emt 0:00:00]} 22. h3 {[%emt 0:00:00]} Qe7 {[%emt 0:00:00]
} 23. Rd2 {[%emt 0:00:00]} Rxd2 {[%emt 0:00:00]} 24. Nxd2 {[%emt 0:00:00]} Qd7
{[%emt 0:00:00]} 25. Nde4 {[%emt 0:00:00]} Qe7 {[%emt 0:00:00]} 26. Nd2 {
[%emt 0:00:00]} Be6 {[%emt 0:00:00]} 27. Qc2 {[%emt 0:00:00]} Nb4 {[%emt 0:00:
00]} 28. Qe4 {[%emt 0:00:00]} c6 {[%emt 0:00:00]} 29. a3 {[%emt 0:00:00]} N4d5
{[%emt 0:00:00]} 30. Nxd5 {[%emt 0:00:00]} Nxd5 {[%emt 0:00:00]} 31. Qd4 {
[%emt 0:00:00]} Qf6 {[%emt 0:00:00]} 32. Qxf6 {[%emt 0:00:00]} Nxf6 {[%emt 0:
00:00]} 33. e4 {[%emt 0:00:00]} g5 {[%emt 0:00:00]} 34. f3 {[%emt 0:00:00]} Kf8
{[%emt 0:00:00]} 35. Kf2 {[%emt 0:00:00]} Ke7 {[%emt 0:00:00]} 36. g4 {[%emt 0:
00:00]} h5 {[%emt 0:08:18]} 37. e5 {[%emt 0:00:00]} Nd7 {[%emt 0:01:10]} 38.
Ne4 {[%emt 0:00:00]} hxg4 {[%emt 0:00:27]} 39. fxg4 {[%emt 0:00:00]} Nxe5 {
[%emt 0:00:08]} 40. Nxg5 {[%emt 0:00:00]} Bd5 {[%emt 0:06:16]} 1/2-1/2

[Event "Reykjavik Open 2025"]
[Site "Reykjavik, Iceland"]
[Date "2025.04.10"]
[Round "3.13"]
[White "Draskovic, Luka"]
[Black "Borne, Felix"]
[Result "1/2-1/2"]
[WhiteElo "2488"]
[BlackElo "2225"]
[PlyCount "88"]
[EventDate "2025.??.??"]
[TimeControl "90+30"]
[WhiteClock "0:31:11"]
[BlackClock "0:30:16"]

1. c4 {[%emt 0:00:00]} Nf6 {[%emt 0:00:00]} 2. Nf3 {[%emt 0:00:00]} e6 {
[%emt 0:00:00]} 3. g3 {[%emt 0:00:00]} d5 {[%emt 0:00:00]} 4. Bg2 {[%emt 0:00:
00]} Be7 {[%emt 0:00:00]} 5. O-O {[%emt 0:00:00]} O-O {[%emt 0:00:00]} 6. b3 {
[%emt 0:00:00]} c5 {[%emt 0:00:00]} 7. cxd5 {[%emt 0:00:00]} Nxd5 {[%emt 0:00:
00]} 8. Bb2 {[%emt 0:00:00]} Nc6 {[%emt 0:00:00]} 9. d4 {[%emt 0:00:00]} cxd4 {
[%emt 0:00:00]} 10. Nxd4 {[%emt 0:00:00]} Nxd4 {[%emt 0:00:00]} 11. Qxd4 {
[%emt 0:00:00]} Bf6 {[%emt 0:00:00]} 12. Qd2 {[%emt 0:00:00]} b6 {[%emt 0:00:
00]} 13. Rd1 {[%emt 0:00:00]} Bb7 {[%emt 0:00:00]} 14. Na3 {[%emt 0:00:00]} Qe7
{[%emt 0:00:00]} 15. e4 {[%emt 0:00:00]} Bxb2 {[%emt 0:00:00]} 16. Qxb2 {
[%emt 0:00:00]} Nb4 {[%emt 0:00:00]} 17. Nc4 {[%emt 0:00:00]} Rfd8 {[%emt 0:00:
00]} 18. a3 {[%emt 0:00:00]} Nd3 {[%emt 0:00:00]} 19. Qc2 {[%emt 0:00:00]} Nc5
{[%emt 0:00:00]} 20. b4 {[%emt 0:00:00]} Na6 {[%emt 0:00:00]} 21. Qa4 {[%emt 0:
00:00]} Qc7 {[%emt 0:00:00]} 22. Rxd8+ {[%emt 0:00:00]} Rxd8 {[%emt 0:00:00]}
23. Rd1 {[%emt 0:00:00]} Rxd1+ {[%emt 0:00:00]} 24. Qxd1 {[%emt 0:00:00]} Bc6 {
[%emt 0:00:00]} 25. h4 {[%emt 0:01:15]} Kf8 {[%emt 0:04:15]} 26. Qd4 {[%emt 0:
03:03]} Nb8 {[%emt 0:00:21]} 27. Nd6 {[%emt 0:02:43]} Qd7 {[%emt 0:02:38]} 28.
b5 {[%emt 0:04:34]} Ba8 {[%emt 0:00:33]} 29. e5 {[%emt 0:02:07]} Bxg2 {[%emt 0:
00:11]} 30. Kxg2 {[%emt 0:00:01]} Qc7 {[%emt 0:02:12]} 31. Qf4 {[%emt 0:01:13]}
Qe7 {[%emt 0:03:21]} 32. Qe4 {[%emt 0:01:24]} f5 {[%emt 0:01:32]} 33. Qc4 {
[%emt 0:00:36]} Qd7 {[%emt 0:01:04]} 34. a4 {[%emt 0:00:21]} Ke7 {[%emt 0:00:
19]} 35. Qf4 {[%emt 0:00:38]} Kf8 {[%emt 0:01:33]} 36. g4 {[%emt 0:00:34]} g6 {
[%emt 0:00:09]} 37. Kh2 {[%emt 0:00:47]} Qe7 {[%emt 0:00:25]} 38. gxf5 {
[%emt 0:00:12]} exf5 {[%emt 0:00:41]} 39. e6 {[%emt 0:00:58]} Qxe6 {[%emt 0:00:
31]} 40. Nxf5 {[%emt 0:00:21]} Qxf5 {[%emt 0:01:09]} 41. Qxb8+ {[%emt 0:00:02]}
Kg7 {[%emt 0:00:00]} 42. Qxa7+ {[%emt 0:00:00]} Kh6 {[%emt 0:00:00]} 43. Qxb6 {
[%emt 0:00:00]} Qf4+ {[%emt 0:00:00]} 44. Kg2 {[%emt 0:00:00]} Qg4+ {[%emt 0:
00:00]} 1/2-1/2